[Event "Oban Open"]
[Site "Oban"]
[Date "2019.11.15"]
[Round "1.1"]
[White "Irving, Neil"]
[Black "Orr, Mark JL"]
[Result "1/2-1/2"]
[WhiteElo "1901"]
[BlackElo "2142"]
[PlyCount "47"]
[EventDate "2019.11.??"]
[EventType "swiss"]
[EventRounds "5"]
[EventCountry "SCO"]
[Tiebreak "Sonneborn-Berger (Swiss)"]
[SourceVersionDate "2020.03.10"]

1. Nf3 d5 2. c4 e6 3. g3 Nf6 4. Bg2 Be7 5. O-O O-O 6. d4 dxc4 7. Qc2 a6 8. a4
Bd7 9. Qxc4 Bc6 10. Bf4 Bd6 11. Qc1 a5 12. Nc3 Na6 13. Re1 Nb4 14. Bxd6 cxd6
15. Qb1 Bxf3 16. Bxf3 d5 17. Qd1 Rc8 18. Rc1 Qd7 19. Nb5 Rxc1 20. Qxc1 Rc8 21.
Qf4 b6 22. Rc1 Rxc1+ 23. Qxc1 Qc6 24. Qxc6 1/2-1/2

[Event "Oban Open"]
[Site "Oban"]
[Date "2019.11.15"]
[Round "1.3"]
[White "McCusker, Andrew"]
[Black "Lothian, Robert"]
[Result "1/2-1/2"]
[WhiteElo "1830"]
[BlackElo "2046"]
[PlyCount "57"]
[EventDate "2019.11.??"]
[EventType "swiss"]
[EventRounds "5"]
[EventCountry "SCO"]
[Tiebreak "Sonneborn-Berger (Swiss)"]
[SourceVersionDate "2020.03.10"]

1. c4 f5 2. d4 Nf6 3. g3 g6 4. Bg2 Bg7 5. Nc3 d6 6. d5 O-O 7. Nh3 Nbd7 8. Nf4
Nc5 9. h4 e5 10. dxe6 c6 11. h5 g5 12. h6 Bh8 13. Nh3 g4 14. Ng5 Nxe6 15. Nxe6
Bxe6 16. Qd3 Qe7 17. Bf4 Rad8 18. Rd1 d5 19. cxd5 Nxd5 20. Nxd5 Bxd5 21. Bxd5+
Rxd5 22. Qb3 Rfd8 23. O-O Qf7 24. Rxd5 Rxd5 25. Re1 Rb5 26. Qd3 Qd5 27. Qa3 Qc5
28. Qd3 Qd5 29. Qa3 1/2-1/2

[Event "Oban Open"]
[Site "Oban"]
[Date "2019.11.15"]
[Round "1.4"]
[White "Grant, Alan"]
[Black "Robinson, Stephen"]
[Result "1-0"]
[WhiteElo "2046"]
[BlackElo "1730"]
[PlyCount "107"]
[EventDate "2019.11.??"]
[EventType "swiss"]
[EventRounds "5"]
[EventCountry "SCO"]
[Tiebreak "Sonneborn-Berger (Swiss)"]
[SourceVersionDate "2020.03.10"]

1. c4 e6 2. g3 g6 3. Bg2 Bg7 4. Nf3 Ne7 5. O-O d5 6. d4 Nbc6 7. e3 O-O 8. Nc3
b6 9. Nd2 Bb7 10. a3 a5 11. Qc2 Qd7 12. Rd1 Rfd8 13. b3 Rac8 14. Bb2 Na7 15.
Rac1 c5 16. dxc5 d4 17. Nf3 Bxf3 18. Bxf3 bxc5 19. Na4 Nac6 20. Nb6 Qa7 21.
Nxc8 Rxc8 22. Bg2 e5 23. e4 Qb6 24. Rb1 Nd8 25. Bh3 Rc6 26. Bc1 h6 27. Bd2 Rf6
28. Be1 Ne6 29. Bxe6 Qxe6 30. Bxa5 Qh3 31. Bd8 Bf8 32. b4 Qd7 33. Bxe7 Bxe7 34.
b5 Bd8 35. Rd3 Qg4 36. Re1 Ba5 37. Qe2 Qe6 38. Rc1 h5 39. Rb3 h4 40. Rcb1 h3
41. b6 Qc8 42. b7 Qb8 43. Qg4 Rc6 44. Qxh3 Rc7 45. Qg4 d3 46. Rxd3 Rxb7 47.
Rxb7 Qxb7 48. Rd5 Qb2 49. Qf3 Qc1+ 50. Kg2 Qxc4 51. Rxe5 Bc3 52. Re8+ Kg7 53.
e5 f5 54. Qb7+ 1-0

[Event "Oban Open"]
[Site "Oban"]
[Date "2019.11.15"]
[Round "1.5"]
[White "Le Feuvre, Gwenole"]
[Black "Birkett, Richard"]
[Result "0-1"]
[WhiteElo "1714"]
[BlackElo "2017"]
[PlyCount "88"]
[EventDate "2019.11.??"]
[EventType "swiss"]
[EventRounds "5"]
[EventCountry "SCO"]
[Tiebreak "Sonneborn-Berger (Swiss)"]
[SourceVersionDate "2020.03.10"]

1. e4 e5 2. Nf3 Nc6 3. d4 exd4 4. Nxd4 Nf6 5. Nc3 Bb4 6. Nxc6 bxc6 7. Bd3 d5 8.
exd5 cxd5 9. O-O O-O 10. Bg5 c6 11. h3 Be6 12. Qf3 Be7 13. Ne2 h6 14. Bh4 Re8
15. c3 Nd7 16. Bg3 Nc5 17. Bc2 Bf6 18. Nd4 Bd7 19. Rfe1 Rxe1+ 20. Rxe1 Ne6 21.
Qd3 Nf8 22. b4 a5 23. a3 axb4 24. axb4 Qb6 25. Bd6 g6 26. Bc5 Qc7 27. Qf3 Kg7
28. h4 Ne6 29. h5 Ng5 30. Qd3 gxh5 31. Nf3 Ne4 32. Bd4 Qf4 33. g3 Qd6 34. Kg2
Bf5 35. Nh4 Bh7 36. Qf3 Bxd4 37. cxd4 Qxb4 38. Rxe4 dxe4 39. Bxe4 Qxd4 40. Bxh7
Kxh7 41. Qxf7+ Qg7 42. Qf5+ Kg8 43. Qe6+ Qf7 44. Qxh6 Rf8 {and Black won next
move (illegible on both scoresheets)} 0-1

[Event "Oban Open"]
[Site "Oban"]
[Date "2019.11.15"]
[Round "1.6"]
[White "Gillies, Alex"]
[Black "Ridge, Benjamin"]
[Result "0-1"]
[WhiteElo "1986"]
[BlackElo "1631"]
[PlyCount "40"]
[EventDate "2019.11.??"]
[EventType "swiss"]
[EventRounds "5"]
[EventCountry "SCO"]
[Tiebreak "Sonneborn-Berger (Swiss)"]
[SourceVersionDate "2020.03.10"]

1. d4 e6 2. g3 f5 3. Bg2 Nf6 4. Nf3 d6 5. O-O Be7 6. b3 O-O 7. Bb2 Qe8 8. Nbd2
Nc6 9. c4 Bd8 10. Ne1 e5 11. d5 Ne7 12. e4 f4 13. f3 Qg6 14. gxf4 exf4 15. Kf2
c6 16. Bd4 cxd5 17. exd5 Nf5 18. Nc2 Nxd4 19. Nxd4 Bb6 20. Nb1 Nxd5 0-1

[Event "Oban Open"]
[Site "Oban"]
[Date "2019.11.15"]
[Round "1.7"]
[White "Coates, Sam"]
[Black "McQuillan, Stephen"]
[Result "1/2-1/2"]
[WhiteElo "1591"]
[BlackElo "1978"]
[PlyCount "52"]
[EventDate "2019.11.??"]
[EventType "swiss"]
[EventRounds "5"]
[EventCountry "SCO"]
[Tiebreak "Sonneborn-Berger (Swiss)"]
[SourceVersionDate "2020.03.10"]

1. e4 e5 2. Nf3 Nf6 3. Nxe5 d6 4. Nf3 Nxe4 5. Nc3 Nxc3 6. dxc3 Be7 7. Be2 Nc6
8. O-O Bf5 9. Re1 O-O 10. Nd4 Nxd4 11. cxd4 d5 12. Bf4 Bd6 13. Qd2 c6 14. c3
Qc7 15. Bxd6 Qxd6 16. Bd3 Bxd3 17. Qxd3 Rfe8 18. Re3 Qg6 19. Rae1 Kf8 20. Qe2
f6 21. Re7 Rxe7 22. Qxe7+ Kg8 23. h3 Qf7 24. f3 Rf8 25. Kf2 Qxe7 26. Rxe7 Rf7
1/2-1/2

[Event "Oban Open"]
[Site "Oban"]
[Date "2019.11.15"]
[Round "1.8"]
[White "Jelfs, Alan"]
[Black "MacDonald, Alex"]
[Result "1-0"]
[WhiteElo "1932"]
[BlackElo "1303"]
[PlyCount "51"]
[EventDate "2019.11.??"]
[EventType "swiss"]
[EventRounds "5"]
[EventCountry "SCO"]
[Tiebreak "Sonneborn-Berger (Swiss)"]
[SourceVersionDate "2020.03.10"]

1. d4 Nf6 2. c4 d5 3. Nc3 e6 4. Bg5 Be7 5. Nf3 Nbd7 6. e3 O-O 7. Qc2 c5 8. cxd5
Nxd5 9. Nxd5 exd5 10. Bxe7 Qxe7 11. dxc5 Qxc5 12. Qxc5 Nxc5 13. Be2 b6 14. O-O
Bb7 15. Rfd1 Na4 16. Rd2 Rac8 17. Rad1 Rc7 18. Nd4 a6 19. Bf3 Rfc8 20. h3 Rc1
21. Rxc1 Rxc1+ 22. Kh2 Ra1 23. Rc2 a5 24. Bxd5 Ba6 25. Rc7 Nxb2 26. Bxf7+ 1-0

[Event "Oban Open"]
[Site "Oban"]
[Date "2019.11.16"]
[Round "2.1"]
[White "Berry, Neil"]
[Black "Grant, Alan"]
[Result "1-0"]
[WhiteElo "2158"]
[BlackElo "2046"]
[PlyCount "45"]
[EventDate "2019.11.??"]
[EventType "swiss"]
[EventRounds "5"]
[EventCountry "SCO"]
[Tiebreak "Sonneborn-Berger (Swiss)"]
[SourceVersionDate "2020.03.10"]

1. d4 d5 2. c4 dxc4 3. e4 Nc6 4. Nf3 Nf6 5. Bxc4 e6 6. Nc3 Ne7 7. O-O Ng6 8.
Qe2 Be7 9. Rd1 O-O 10. h3 a6 11. a4 Bd7 12. e5 Ne8 13. d5 Qc8 14. Be3 exd5 15.
Nxd5 Be6 16. Nxe7+ Nxe7 17. Bc5 Ng6 18. Bxf8 Nxf8 19. Nd4 c5 20. Nxe6 Nxe6 21.
Bxe6 fxe6 22. Rac1 Qc6 23. a5 1-0

[Event "Oban Open"]
[Site "Oban"]
[Date "2019.11.16"]
[Round "2.2"]
[White "Ridge, Benjamin"]
[Black "Page, Mark"]
[Result "0-1"]
[WhiteElo "1631"]
[BlackElo "2133"]
[PlyCount "104"]
[EventDate "2019.11.??"]
[EventType "swiss"]
[EventRounds "5"]
[EventCountry "SCO"]
[Tiebreak "Sonneborn-Berger (Swiss)"]
[SourceVersionDate "2020.03.10"]

1. c4 g6 2. Nc3 Bg7 3. g3 e5 4. Bg2 Nc6 5. d3 Nf6 6. Nf3 O-O 7. Rb1 a5 8. a3 d6
9. b4 axb4 10. axb4 h6 11. b5 Ne7 12. e4 Be6 13. Bd2 Qd7 14. Ra1 Bh3 15. O-O
Nh5 16. Nh4 Bxg2 17. Kxg2 Nf4+ 18. Bxf4 Rxa1 19. Qxa1 exf4 20. Qe1 g5 21. Nf3
Ng6 22. Nd5 c6 23. Nb4 f5 24. exf5 Rxf5 25. Qe4 d5 26. cxd5 cxd5 27. Qe1 g4 28.
Nd2 f3+ 29. Kh1 Re5 30. Qb1 Re2 31. d4 Ne7 32. Qd3 Qf5 33. Qxf5 Nxf5 34. Nb1
Bxd4 35. Nxd5 Kf7 36. Kg1 Nd6 37. Nbc3 Rc2 38. Nd1 h5 39. N1e3 Bxe3 40. Nxe3
Rb2 41. Rd1 Ne4 42. Rd7+ Ke6 43. Rxb7 Rb1+ 44. Nf1 Nd2 45. h3 Rxf1+ 46. Kh2
Rxf2+ 47. Kh1 Rf1+ 48. Kh2 f2 49. Rb6+ Ke5 50. Rb8 Rh1+ 51. Kxh1 f1=Q+ 52. Kh2
Nf3# 0-1

[Event "Oban Open"]
[Site "Oban"]
[Date "2019.11.16"]
[Round "2.3"]
[White "Birkett, Richard"]
[Black "Jelfs, Alan"]
[Result "1-0"]
[WhiteElo "2017"]
[BlackElo "1932"]
[PlyCount "111"]
[EventDate "2019.11.??"]
[EventType "swiss"]
[EventRounds "5"]
[EventCountry "SCO"]
[Tiebreak "Sonneborn-Berger (Swiss)"]
[SourceVersionDate "2020.03.10"]

1. e4 e5 2. Nf3 Nc6 3. d4 exd4 4. Nxd4 Nf6 5. Nxc6 bxc6 6. Bd3 d6 7. O-O Be7 8.
h3 Bb7 9. Nc3 O-O 10. Re1 Re8 11. Qf3 Nd7 12. Bf4 Bf6 13. Qd1 Ne5 14. Bf1 Qe7
15. Be3 a6 16. a4 Rad8 17. f4 Ng6 18. Bd3 d5 19. exd5 cxd5 20. Bd2 Qd7 21. Qg4
Qc6 22. Rxe8+ Rxe8 23. Re1 Rxe1+ 24. Bxe1 Qe8 25. Bd2 Bc8 26. Qe2 Qxe2 27. Bxe2
c6 28. a5 Kf8 29. Na4 Ke8 30. b3 Kd8 31. g3 Kc7 32. Kg2 Be7 33. Be3 Bd6 34. Nc5
Bxc5 35. Bxc5 Kd7 36. Bd3 Ke8 37. Kf3 Nf8 38. f5 Nd7 39. Bd6 Nf6 40. g4 Kd7 41.
Bc5 Ne8 42. g5 g6 43. Kf4 Ng7 44. fxg6 hxg6 45. Ke5 Ne6 46. Be3 Ke7 47. Bd2 Bb7
48. h4 c5 49. c3 Nf8 50. Be3 Nd7+ 51. Kf4 Kd6 52. Be2 Nb8 53. b4 cxb4 54. cxb4
Kc6 55. h5 gxh5 56. Bxh5 1-0

[Event "Oban Open"]
[Site "Oban"]
[Date "2019.11.16"]
[Round "2.4"]
[White "Orr, Mark JL"]
[Black "Ridge, Michael"]
[Result "1/2-1/2"]
[WhiteElo "2142"]
[BlackElo "1884"]
[PlyCount "34"]
[EventDate "2019.11.??"]
[EventType "swiss"]
[EventRounds "5"]
[EventCountry "SCO"]
[Tiebreak "Sonneborn-Berger (Swiss)"]
[SourceVersionDate "2020.03.10"]

1. c4 g6 2. Nc3 Bg7 3. d4 c5 4. d5 Bxc3+ 5. bxc3 f5 6. e4 fxe4 7. h4 Nf6 8. h5
gxh5 9. Be2 Qa5 10. Bxh5+ Kd8 11. Qb3 d6 12. Be2 Nbd7 13. Nh3 Ne5 14. Nf4 Rb8
15. a4 Bd7 16. Be3 Kc7 17. Kd2 Rhg8 1/2-1/2

[Event "Oban Open"]
[Site "Oban"]
[Date "2019.11.16"]
[Round "2.5"]
[White "Tsang, Sai Kong"]
[Black "Neave, George"]
[Result "0-1"]
[WhiteElo "1884"]
[BlackElo "2116"]
[PlyCount "84"]
[EventDate "2019.11.??"]
[EventType "swiss"]
[EventRounds "5"]
[EventCountry "SCO"]
[Tiebreak "Sonneborn-Berger (Swiss)"]
[SourceVersionDate "2020.03.10"]

1. e4 c5 2. Nf3 Nc6 3. g3 g6 4. Bg2 Bg7 5. O-O d6 6. a4 Nf6 7. d3 O-O 8. Na3
Rb8 9. Nc4 d5 10. Bf4 dxc4 11. Bxb8 Nxb8 12. Qe2 cxd3 13. cxd3 Nc6 14. Rac1 b6
15. e5 Ng4 16. e6 Bxe6 17. Ng5 Nd4 18. Qd1 Bf5 19. h3 Ne5 20. Rc3 Nec6 21. g4
Bc8 22. Ne4 e5 23. g5 Nb4 24. Re1 Nd5 25. Ra3 Be6 26. a5 h6 27. h4 f6 28. gxh6
Bxh6 29. axb6 axb6 30. Nc3 Nf4 31. Ra8 Qe7 32. Rxf8+ Bxf8 33. Ne4 Nxg2 34. Kxg2
f5 35. Ng5 Bd5+ 36. Kf1 Bh6 37. Qa4 Bxg5 38. hxg5 f4 39. Ra1 Qe6 40. Ke1 b5 41.
Qa7 Nc2+ 42. Kd2 Nxa1 0-1

[Event "Oban Open"]
[Site "Oban"]
[Date "2019.11.16"]
[Round "2.6"]
[White "Lothian, Robert"]
[Black "Babin, Andre"]
[Result "1/2-1/2"]
[WhiteElo "2046"]
[BlackElo "1865"]
[PlyCount "76"]
[EventDate "2019.11.??"]
[EventType "swiss"]
[EventRounds "5"]
[EventCountry "SCO"]
[Tiebreak "Sonneborn-Berger (Swiss)"]
[SourceVersionDate "2020.03.10"]

1. e4 c5 2. Nc3 Nc6 3. g3 e6 4. Bg2 Nf6 5. Nge2 d5 6. exd5 exd5 7. Nf4 Bg4 8.
f3 Bc8 9. O-O Be7 10. b3 O-O 11. Bb2 d4 12. Ne4 Nxe4 13. fxe4 Ne5 14. h3 Bd6
15. Qe2 Qg5 16. Qf2 Bd7 17. d3 Bc6 18. Bc1 Qe7 19. g4 Ng6 20. Bd2 Qe5 21. h4
Rae8 22. Bh3 Nxf4 23. Bxf4 Qxf4 24. Qxf4 Bxf4 25. Rxf4 Bd7 26. Kh2 h6 27. g5
hxg5 28. hxg5 Bxh3 29. Kxh3 Re5 30. Kg4 Rfe8 31. Raf1 R8e7 32. Rf5 b6 33. a4
R5e6 34. Rd5 a5 35. Rh1 Re5 36. Rd6 R7e6 37. Rd8+ Re8 38. Rd6 R8e6 1/2-1/2

[Event "Oban Open"]
[Site "Oban"]
[Date "2019.11.16"]
[Round "2.7"]
[White "McQuillan, Stephen"]
[Black "McCusker, Andrew"]
[Result "1-0"]
[WhiteElo "1978"]
[BlackElo "1830"]
[PlyCount "43"]
[EventDate "2019.11.??"]
[EventType "swiss"]
[EventRounds "5"]
[EventCountry "SCO"]
[Tiebreak "Sonneborn-Berger (Swiss)"]
[SourceVersionDate "2020.03.10"]

1. d4 d5 2. Bf4 Nf6 3. e3 e6 4. Nd2 Bd6 5. Bg3 Qe7 6. Ngf3 Nbd7 7. Ne5 O-O 8.
Bd3 a6 9. c3 c5 10. f4 Ne8 11. O-O f6 12. Bxh7+ Kxh7 13. Qh5+ Kg8 14. Ng6 Qd8
15. Nf3 Be7 16. Bh4 c4 17. g4 Nd6 18. Nfe5 Nxe5 19. fxe5 Ne4 20. exf6 gxf6 21.
Qh8+ Kf7 22. Ne5+ 1-0

[Event "Oban Open"]
[Site "Oban"]
[Date "2019.11.16"]
[Round "2.8"]
[White "Chadha, Sambhav"]
[Black "Irving, Neil"]
[Result "0-1"]
[WhiteElo "1721"]
[BlackElo "1901"]
[PlyCount "62"]
[EventDate "2019.11.??"]
[EventType "swiss"]
[EventRounds "5"]
[EventCountry "SCO"]
[Tiebreak "Sonneborn-Berger (Swiss)"]
[SourceVersionDate "2020.03.10"]

1. e4 d5 2. exd5 Qxd5 3. Nc3 Qd6 4. d4 Nf6 5. Bc4 Bg4 6. f3 Bh5 7. Nge2 c6 8.
Bf4 Qd8 9. O-O e6 10. Qd2 Be7 11. Ne4 O-O 12. Bg3 c5 13. Rad1 cxd4 14. Qe1 Nc6
15. Nf4 Bg6 16. Ng5 Qb6 17. Nxg6 hxg6 18. Nxe6 fxe6 19. Qxe6+ Kh8 20. Qh3+ Nh7
21. Rfe1 d3+ 22. Bf2 Bc5 23. Re4 Bxf2+ 24. Kh1 dxc2 25. Rf1 Rad8 26. g3 g5 27.
Re2 Rd1 28. Rxc2 Rxf1+ 29. Bxf1 Qe3 30. Rc3 Qd2 31. Rb3 Bb6 0-1

[Event "Oban Open"]
[Site "Oban"]
[Date "2019.11.16"]
[Round "2.9"]
[White "Newton, Andrew"]
[Black "Coates, Sam"]
[Result "1-0"]
[WhiteElo "1896"]
[BlackElo "1591"]
[PlyCount "49"]
[EventDate "2019.11.??"]
[EventType "swiss"]
[EventRounds "5"]
[EventCountry "SCO"]
[Tiebreak "Sonneborn-Berger (Swiss)"]
[SourceVersionDate "2020.03.10"]

1. e4 c6 2. d4 d5 3. e5 Bf5 4. h4 h5 5. Bd3 Bxd3 6. Qxd3 e6 7. Bg5 Qb6 8. Nd2
Nd7 9. c4 Ne7 10. b3 a5 11. Ne2 Nf5 12. O-O Be7 13. Bxe7 Nxe7 14. Nf3 c5 15.
cxd5 Nxd5 16. Rfe1 Rc8 17. Rac1 Ke7 18. Ng3 Nb4 19. Qd2 g6 20. Ne4 Qa6 21. Qg5+
Kf8 22. dxc5 Qc6 23. Nd6 Rc7 24. Nd4 Qd5 25. Qd8+ 1-0

[Event "Oban Open"]
[Site "Oban"]
[Date "2019.11.16"]
[Round "2.10"]
[White "MacDonald, Alex"]
[Black "Gillies, Alex"]
[Result "0-1"]
[WhiteElo "1303"]
[BlackElo "1986"]
[PlyCount "58"]
[EventDate "2019.11.??"]
[EventType "swiss"]
[EventRounds "5"]
[EventCountry "SCO"]
[Tiebreak "Sonneborn-Berger (Swiss)"]
[SourceVersionDate "2020.03.10"]

1. e4 d5 2. exd5 Nf6 3. Bb5+ Nbd7 4. Nc3 a6 5. Ba4 b5 6. Bb3 Nb6 7. d4 Nbxd5 8.
Nxd5 Nxd5 9. a4 b4 10. Nf3 e6 11. Ne5 Bb7 12. a5 Rc8 13. Qh5 g6 14. Qf3 f6 15.
Ng4 Bg7 16. Qe2 O-O 17. O-O Re8 18. Re1 c5 19. dxc5 Rxc5 20. Be3 Rxa5 21. Ba4
Re7 22. Red1 h5 23. Nh6+ Kh7 24. Qd2 Qf8 25. g4 Bxh6 26. gxh5 gxh5 27. c4 Nxe3
28. Bc2+ Nxc2 29. Qxc2+ Rf5 0-1

[Event "Oban Open"]
[Site "Oban"]
[Date "2019.11.16"]
[Round "3.1"]
[White "Page, Mark"]
[Black "Berry, Neil"]
[Result "1/2-1/2"]
[WhiteElo "2133"]
[BlackElo "2158"]
[PlyCount "62"]
[EventDate "2019.11.??"]
[EventType "swiss"]
[EventRounds "5"]
[EventCountry "SCO"]
[Tiebreak "Sonneborn-Berger (Swiss)"]
[SourceVersionDate "2020.03.10"]

1. e4 e5 2. Nf3 Nc6 3. Bb5 a6 4. Ba4 Nf6 5. O-O Be7 6. Qe2 b5 7. Bb3 O-O 8. c3
d6 9. Rd1 Na5 10. Bc2 c5 11. d4 Qc7 12. d5 Nc4 13. b3 Nb6 14. Nbd2 g6 15. Nf1
Nh5 16. g3 Bd7 17. Bh6 Ng7 18. Ne1 c4 19. Rac1 cxb3 20. axb3 Rfc8 21. Bb1 Qd8
22. Ng2 Bg5 23. Bxg5 Qxg5 24. Qe3 Qxe3 25. Nfxe3 a5 26. Bd3 a4 27. b4 Ra7 28.
Rd2 Rac7 29. Rdc2 Kf8 30. f3 Ke7 31. Kf2 f6 1/2-1/2

[Event "Oban Open"]
[Site "Oban"]
[Date "2019.11.16"]
[Round "3.2"]
[White "Neave, George"]
[Black "Birkett, Richard"]
[Result "1-0"]
[WhiteElo "2116"]
[BlackElo "2017"]
[PlyCount "65"]
[EventDate "2019.11.??"]
[EventType "swiss"]
[EventRounds "5"]
[EventCountry "SCO"]
[Tiebreak "Sonneborn-Berger (Swiss)"]
[SourceVersionDate "2020.03.10"]

1. e4 e6 2. d4 d5 3. Nd2 Nf6 4. e5 Nfd7 5. Bd3 c5 6. c3 Nc6 7. Ngf3 Qb6 8. O-O
cxd4 9. cxd4 Nxd4 10. Nxd4 Qxd4 11. Nf3 Qb6 12. Qa4 Qb4 13. Qc2 Qc5 14. Qa4 Qb4
15. Qc2 Qc5 16. Qe2 Qa5 17. a3 Qd8 18. Bd2 Nc5 19. Bc2 Bd7 20. Rac1 Rc8 21. Nd4
Qb6 22. b4 Ne4 23. Be3 Qa6 24. Bd3 Qxa3 25. Rxc8+ Bxc8 26. Bb5+ Kd8 27. Rc1
Bxb4 28. Nc2 Qb2 29. Nxb4 Qxe2 30. Bxe2 a5 31. Bb6+ Ke7 32. Rc7+ Kd8 33. Bb5
1-0

[Event "Oban Open"]
[Site "Oban"]
[Date "2019.11.16"]
[Round "3.3"]
[White "Irving, Neil"]
[Black "McQuillan, Stephen"]
[Result "1-0"]
[WhiteElo "1901"]
[BlackElo "1978"]
[PlyCount "59"]
[EventDate "2019.11.??"]
[EventType "swiss"]
[EventRounds "5"]
[EventCountry "SCO"]
[Tiebreak "Sonneborn-Berger (Swiss)"]
[SourceVersionDate "2020.03.10"]

1. Nf3 e6 2. c4 f5 3. g3 Nf6 4. Bg2 Be7 5. O-O d6 6. d4 O-O 7. Nc3 a5 8. Re1
Ne4 9. Qd3 Nxc3 10. bxc3 Nd7 11. e4 Bf6 12. exf5 exf5 13. Qxf5 Ne5 14. Qc2 Nxc4
15. Nd2 Nxd2 16. Bxd2 d5 17. Bf4 c6 18. Rab1 a4 19. c4 Bxd4 20. cxd5 c5 21. d6
Ra6 22. Bxb7 Bxb7 23. Rxb7 Qa8 24. Ree7 Rxd6 25. Bxd6 Rxf2 26. Qxf2 Qf8 27.
Rxg7+ Qxg7 28. Rxg7+ Kxg7 29. Bxc5 Bxf2+ 30. Kxf2 1-0

[Event "Oban Open"]
[Site "Oban"]
[Date "2019.11.16"]
[Round "3.4"]
[White "Grant, Alan"]
[Black "Newton, Andrew"]
[Result "0-1"]
[WhiteElo "2046"]
[BlackElo "1896"]
[PlyCount "30"]
[EventDate "2019.11.??"]
[EventType "swiss"]
[EventRounds "5"]
[EventCountry "SCO"]
[Tiebreak "Sonneborn-Berger (Swiss)"]
[SourceVersionDate "2020.03.10"]

1. c4 e5 2. g3 c6 3. Nf3 e4 4. Nd4 Nf6 5. Bg2 d5 6. cxd5 Qxd5 7. Nc2 Bc5 8. d4
Bb6 9. Nc3 Qe6 10. O-O O-O 11. Bg5 Nbd7 12. f3 exf3 13. exf3 Qf5 14. Be3 Re8
15. Bf2 Nf8 {and White resigned as feeling unwell} 0-1

[Event "Oban Open"]
[Site "Oban"]
[Date "2019.11.16"]
[Round "3.5"]
[White "Babin, Andre"]
[Black "Orr, Mark JL"]
[Result "0-1"]
[WhiteElo "1865"]
[BlackElo "2142"]
[PlyCount "94"]
[EventDate "2019.11.??"]
[EventType "swiss"]
[EventRounds "5"]
[EventCountry "SCO"]
[Tiebreak "Sonneborn-Berger (Swiss)"]
[SourceVersionDate "2020.03.10"]

1. c4 Nf6 2. Nc3 e6 3. g3 d5 4. d4 Be7 5. Nf3 O-O 6. Bg2 dxc4 7. Qa4 a6 8. Qxc4
b5 9. Qd3 Bb7 10. O-O Nbd7 11. Rd1 c5 12. Ne5 Bxg2 13. Kxg2 Rc8 14. Nxd7 Qxd7
15. dxc5 Qc6+ 16. Qf3 Qxf3+ 17. Kxf3 Rxc5 18. Be3 Rf5+ 19. Kg2 Ng4 20. Bb6 Bc5
21. Bxc5 Rxc5 22. Rd4 Ne5 23. Ne4 Rc2 24. Rd2 Rxd2 25. Nxd2 Rc8 26. Nf3 Nxf3
27. Kxf3 Kf8 28. Ke3 Rc2 29. Rb1 Ke7 30. Kd3 Rc5 31. e4 g5 32. h3 Kf6 33. Rf1
Kg6 34. f4 f6 35. Rf2 h6 36. Kd4 Rc4+ 37. Kd3 Rc5 38. Kd4 Rc1 39. f5+ Kf7 40.
Rf3 Rc4+ 41. Kd3 Ra4 42. a3 b4 43. axb4 Rxb4 44. Kc3 Rxe4 45. fxe6+ Kxe6 46.
Kd3 Re5 47. Kd4 Rb5 0-1

[Event "Oban Open"]
[Site "Oban"]
[Date "2019.11.16"]
[Round "3.6"]
[White "Ridge, Michael"]
[Black "Lothian, Robert"]
[Result "1/2-1/2"]
[WhiteElo "1884"]
[BlackElo "2046"]
[PlyCount "43"]
[EventDate "2019.11.??"]
[EventType "swiss"]
[EventRounds "5"]
[EventCountry "SCO"]
[Tiebreak "Sonneborn-Berger (Swiss)"]
[SourceVersionDate "2020.03.10"]

1. Nf3 f5 2. d3 Nc6 3. e4 e5 4. Nc3 Nf6 5. Bg5 Be7 6. exf5 d5 7. d4 e4 8. Nh4
O-O 9. h3 Re8 10. g4 h6 11. Be3 Bb4 12. Qd2 Nh7 13. Ng6 Ng5 14. Be2 Nf3+ 15.
Bxf3 exf3 16. O-O-O Na5 17. Ne5 c6 18. Bxh6 Bxc3 19. bxc3 Qd6 20. Qg5 Qxh6 21.
Qxh6 gxh6 22. Rhe1 1/2-1/2

[Event "Oban Open"]
[Site "Oban"]
[Date "2019.11.16"]
[Round "3.7"]
[White "Marks, Ian A"]
[Black "Gillies, Alex"]
[Result "0-1"]
[WhiteElo "1861"]
[BlackElo "1986"]
[PlyCount "78"]
[EventDate "2019.11.??"]
[EventType "swiss"]
[EventRounds "5"]
[EventCountry "SCO"]
[Tiebreak "Sonneborn-Berger (Swiss)"]
[SourceVersionDate "2020.03.10"]

1. d4 Nf6 2. Bg5 h6 3. Bxf6 exf6 4. e3 d5 5. Bd3 Bd6 6. Qh5 Nc6 7. c3 Ne7 8.
Ne2 Be6 9. Ng3 Qd7 10. Qe2 O-O-O 11. Nd2 h5 12. O-O-O h4 13. Ngf1 g5 14. Kb1 f5
15. c4 dxc4 16. Nxc4 Nd5 17. Nxd6+ Qxd6 18. Nd2 Nb6 19. Nc4 Qd5 20. Nxb6+ axb6
21. b3 g4 22. Rhg1 Qd6 23. g3 Rh5 24. Bc4 Bd5 25. Bxd5 Qxd5 26. h3 Qe4+ 27. Kb2
hxg3 28. hxg4 fxg4 29. Rxg3 f5 30. f3 gxf3 31. Qxf3 Rh2+ 32. Ka3 Qc2 33. Kb4
Rf2 34. Qh5 c5+ 35. Kb5 Qxa2 36. Kxb6 Qa6+ 37. Kxc5 Rc2+ 38. Kb4 Qb6+ 39. Ka3
Qa5# 0-1

[Event "Oban Open"]
[Site "Oban"]
[Date "2019.11.16"]
[Round "3.8"]
[White "Jelfs, Alan"]
[Black "Ridge, Benjamin"]
[Result "1-0"]
[WhiteElo "1932"]
[BlackElo "1631"]
[PlyCount "97"]
[EventDate "2019.11.??"]
[EventType "swiss"]
[EventRounds "5"]
[EventCountry "SCO"]
[Tiebreak "Sonneborn-Berger (Swiss)"]
[SourceVersionDate "2020.03.10"]

1. d4 e6 2. c4 f5 3. g3 Nf6 4. Bg2 d6 5. Nc3 Nbd7 6. Nh3 Be7 7. O-O O-O 8. b3
Qe8 9. Bb2 e5 10. e3 Qg6 11. Nd5 Nxd5 12. Bxd5+ Kh8 13. Bg2 f4 14. exf4 exf4
15. Nxf4 Rxf4 16. gxf4 Nf6 17. d5 Bg4 18. f3 Bh3 19. Rf2 Nh5 20. Qd2 Rf8 21.
Kh1 Nxf4 22. Bxh3 Nxh3 23. Rg2 Bg5 24. Qc2 Qxc2 25. Rxc2 Rxf3 26. Re1 h6 27.
Bd4 Nf4 28. Bxa7 b6 29. Bb8 Bh4 30. Rb1 Bd8 31. Kg1 Nd3 32. Rf1 Rxf1+ 33. Kxf1
g5 34. Ke2 Ne5 35. Ke3 Kg7 36. b4 g4 37. a4 Nd7 38. Ba7 Bg5+ 39. Ke2 Bf4 40.
Kf1 Kf6 41. a5 Ke7 42. a6 Kd8 43. Bb8 Kc8 44. a7 Kb7 45. Ra2 Ka8 46. Bxc7 h5
47. Rf2 Be5 48. Rf7 Nf6 49. Bxb6 1-0

[Event "Oban Open"]
[Site "Oban"]
[Date "2019.11.16"]
[Round "3.9"]
[White "Robinson, Stephen"]
[Black "Tsang, Sai Kong"]
[Result "0-1"]
[WhiteElo "1730"]
[BlackElo "1884"]
[PlyCount "80"]
[EventDate "2019.11.??"]
[EventType "swiss"]
[EventRounds "5"]
[EventCountry "SCO"]
[Tiebreak "Sonneborn-Berger (Swiss)"]
[SourceVersionDate "2020.03.10"]

1. d4 d5 2. Nf3 Bf5 3. Bf4 e6 4. e3 Bd6 5. Bg3 Nf6 6. Nbd2 c6 7. Be2 O-O 8. Ne5
Qc7 9. f4 Nbd7 10. O-O Nb6 11. Bh4 Ne4 12. g4 Nxd2 13. Qxd2 Be4 14. Bf3 f6 15.
Nd3 Nc4 16. Qe1 e5 17. Bxe4 dxe4 18. Nc5 Rae8 19. Qc3 b5 20. Nxe4 exf4 21. Nxd6
Qxd6 22. Rf3 Nxe3 23. h3 g5 24. Bf2 Nd5 25. Qb3 Kg7 26. a4 b4 27. Kg2 a5 28.
Qd3 Rf7 29. Rh1 Rfe7 30. h4 h6 31. h5 Re2 32. Re1 f5 33. gxf5 Rxe1 34. f6+ Qxf6
35. Bxe1 Rxe1 36. Qa6 Qxd4 37. Qb7+ Re7 38. Qxc6 Nf6 39. Rd3 Re2+ 40. Kh1 Re1+
0-1